| 000 | 00434nam a22001577a 4500 | ||
|---|---|---|---|
| 003 | OSt | ||
| 008 | 250113b |||||||| |||| 00| 0 eng d | ||
| 041 | _aeng | ||
| 082 |
_a621.402 _bBEL/TH |
||
| 100 |
_aBellany, PL _96928 |
||
| 245 |
_aThermal Engineering (Heat Engines): _bMechanical Engineering Vol.1 |
||
| 250 | _a14th (Revised and Enlarged). | ||
| 260 |
_aNew Delhi: _bKhanna Publishers, _c1985. |
||
| 300 | _a1734p. | ||
| 942 | _cBK | ||
| 999 |
_c19022 _d19022 |
||